000 00496nam a2200157 i 4500
001 55273
003 ES-MaACL
005 20230906163118.0
007 t|
008 030917s1916 fr ||||1| fre d
245 0 3 _aUn demi siècle de civilisation française
_b: (1870-1915) /
_cpar M.M. Baillaud ... [et al.].
260 _aParis :
_bHachette et Cie,
_c1916 (
_eCoulommiers :
_fPaul Brodard)
300 _aVII, 472 p. ;
_c23 cm.
700 1 _aBaillaud, M. M.
_924703
852 _aES-MaACL
_jF-9454
999 _c55273
_d55273